000 00532cam a22002171 4500
001 sa 67001868
003 DLC
005 20260227112326.0
008 890626s1966 ii 000 1 beno
010 _asa 67001868
035 _a(OCoLC)19925830
040 _aDLC
_cWaU
_dDLC
042 _apremarc
050 0 0 _aPK1730.14.A8356
_bT3
100 1 _aBhattacharya, Lokenath,
_d1927-2001.
245 1 0 _aYata dvāra, tata araṇya.
260 _c[1966]
300 _a223 p.
_c22 cm.
500 _aIn Bengali.
500 _aA novel.
999 _c72890
_d72890